[Event "GER-ch Net blitz sf"]
[Site "Playchess.com INT"]
[Date "2021.06.05"]
[Round "4"]
[White "Singh, Marcel"]
[Black "Eilers, Stefan"]
[Result "1-0"]
[WhiteElo "2068"]
[BlackElo "2213"]
[PlyCount "125"]
[EventDate "2021.06.05"]
[EventType "swiss (blitz)"]
[EventRounds "13"]
[EventCountry "GER"]
[SourceTitle "EXT 2023"]
[Source "ChessBase"]
[SourceDate "2022.10.05"]
[SourceVersion "1"]
[SourceVersionDate "2022.10.05"]
[SourceQuality "1"]

1. e4 d6 2. d4 Nf6 3. Nc3 e5 4. dxe5 dxe5 5. Qxd8+ Kxd8 6. Be3 Bd6 7. 0-0-0 Nc6 8. f3 a6 9. g4 Be6 10. h4 Kc8 11. h5 h6 12. Nge2 b5 13. Nd5 Bxd5 14. exd5 Ne7 15. c4 bxc4 16. Nc3 Rd8 17. Bxc4 Bb4 18. Bd2 a5 19. a3 Bc5 20. g5 hxg5 21. Bxg5 Bd4 22. h6 e4 23. Rxd4 Nf5 24. Bxf6 gxf6 25. Rxe4 Nd6 26. Rf4 Rh8 27. Bd3 Kb7 28. Rxf6 Rae8 29. h7 Re3 30. Kd2 Re7 31. Rg1 Ne8 32. Rf5 Nd6 33. Rf4 Ree8 34. Rg8 Rexg8 35. hxg8Q Rxg8 36. Ne4 Ne8 37. Nc5+ Kb6 38. Nb3 a4 39. Nd4 Nd6 40. Be4 Rg2+ 41. Ne2 Rg7 42. Ke3 Kc5 43. Rg4 Rxg4 44. fxg4 Kc4 45. Bc2 Kb5 46. Nd4+ Kb6 47. Bxa4 Nc4+ 48. Ke4 Nxb2 49. Be8 f6 50. a4 Nc4 51. Ne6 Nd6+ 52. Kf4 Nxe8 53. Kf5 Ka5 54. Kg6 Kxa4 55. Kf7 Nd6+ 56. Kxf6 Kb5 57. Nxc7+ Kc4 58. g5 Kc5 59. g6 Kb6 60. g7 Ne4+ 61. Ke5 Nc5 62. g8Q Nd7+ 63. Kd6 1-0

[Event "GER-ch Net blitz qual4"]
[Site "Playchess.com INT"]
[Date "2021.05.10"]
[Round "9"]
[White "Loehr, Markus"]
[Black "Singh, Marcel"]
[Result "0-1"]
[WhiteElo "1620"]
[BlackElo "2026"]
[PlyCount "172"]
[EventDate "2021.05.10"]
[EventType "swiss (blitz)"]
[EventRounds "11"]
[EventCountry "GER"]
[SourceTitle "CBM 202 Extra"]
[Source "ChessBase"]
[SourceDate "2021.07.31"]
[SourceVersion "1"]
[SourceVersionDate "2021.07.31"]
[SourceQuality "1"]

1. d4 e5 2. dxe5 Nc6 3. Nf3 Qe7 4. Bf4 Qb4+ 5. Bd2 Qxb2 6. Nc3 Bb4 7. Rb1 Qa3 8. Rb3 Qa5 9. e4 a6 10. Bc4 Nge7 11. Nd5 Bxd2+ 12. Qxd2 Qxd2+ 13. Kxd2 Nxd5 14. exd5 Na5 15. Rc3 Nxc4+ 16. Rxc4 c6 17. Nd4 cxd5 18. Rb4 b5 19. Nf5 0-0 20. Nd6 Rb8 21. f4 Bb7 22. Rd4 Bc6 23. Re1 f6 24. Re2 fxe5 25. fxe5 h6 26. g4 Rf3 27. Rd3 Rbf8 28. h4 Kh7 29. Nf5 Rxd3+ 30. cxd3 g6 31. Nd4 Kg7 32. Ke3 Kf7 33. Rf2+ Ke7 34. Rxf8 Kxf8 35. Nb3 Ke7 36. Kd4 Ke6 37. Nc5+ Ke7 38. Nxa6 d6 39. exd6+ Kxd6 40. Nb4 Bd7 41. Nc2 Bxg4 42. Ne3 Be6 43. a4 bxa4 44. Nc2 a3 45. Nxa3 Ke7 46. Ke5 Kf7 47. Nb5 g5 48. Nd6+ Ke7 49. hxg5 hxg5 50. Nb5 g4 51. Kf4 Bd7 52. Nd4 Kd6 53. Ne2 Kc5 54. Ke3 Bf5 55. Ng3 Bg6 56. d4+ Kc4 57. Nf1 Be4 58. Ng3 Bd3 59. Nh5 Bc2 60. Ng3 Bd1 61. Nf5 Kc3 62. Ng3 Bf3 63. Nf1 Kc2 64. Nh2 Kc3 65. Nf1 Be4 66. Ng3 Bc2 67. Ne2+ Kc4 68. Ng3 Bd1 69. Nf5 Kc3 70. Ng3 Bb3 71. Nf5 Kc2 72. Ng3 Kd1 73. Ne2 Ke1 74. Ng3 Bc2 75. Kf4 Bd1 76. Ke3 Bf3 77. Kf4 Kd2 78. Nf5 Kd3 79. Ke5 Be4 80. Ng3 Ke3 81. Nf1+ Kf2 82. Nd2 g3 83. Nxe4+ dxe4 84. d5 e3 85. d6 e2 86. d7 e1Q+ 0-1

[Event "GER-ch Net blitz qual4"]
[Site "Playchess.com INT"]
[Date "2021.05.10"]
[Round "5"]
[White "Singh, Marcel"]
[Black "Eilers, Stefan"]
[Result "1-0"]
[WhiteElo "2026"]
[BlackElo "2223"]
[PlyCount "71"]
[EventDate "2021.05.10"]
[EventType "swiss (blitz)"]
[EventRounds "11"]
[EventCountry "GER"]
[SourceTitle "CBM 202 Extra"]
[Source "ChessBase"]
[SourceDate "2021.07.31"]
[SourceVersion "1"]
[SourceVersionDate "2021.07.31"]
[SourceQuality "1"]

1. e4 d6 2. d4 Nf6 3. Nc3 e5 4. f4 Nbd7 5. Nf3 exd4 6. Qxd4 c6 7. Bc4 d5 8. exd5 Bc5 9. Qd3 0-0 10. dxc6 bxc6 11. Bd2 Re8+ 12. Kd1 Nb6 13. Qxd8 Rxd8 14. Bd3 Nbd5 15. Nxd5 Nxd5 16. h3 Be3 17. g3 c5 18. Bxe3 Nxe3+ 19. Kd2 Nc4+ 20. Kc3 Nd6 21. Rad1 Bb7 22. Rhf1 c4 23. Be2 Ne4+ 24. Kb4 a5+ 25. Ka3 Rdc8 26. Ne5 Nxg3 27. Rfe1 Nxe2 28. Rxe2 f6 29. Rd7 Rab8 30. Ng4 Bc6 31. Ra7 a4 32. Ree7 Be4 33. Rxg7+ Kf8 34. Raf7+ Ke8 35. Nxf6+ Kd8 36. Rd7# 1-0

[Event "GER-ch Net blitz qual4"]
[Site "Playchess.com INT"]
[Date "2021.05.10"]
[Round "10"]
[White "Singh, Marcel"]
[Black "Ochs, Daniel Elias"]
[Result "0-1"]
[WhiteElo "2026"]
[BlackElo "2115"]
[PlyCount "72"]
[EventDate "2021.05.10"]
[EventType "swiss (blitz)"]
[EventRounds "11"]
[EventCountry "GER"]
[SourceTitle "CBM 202 Extra"]
[Source "ChessBase"]
[SourceDate "2021.07.31"]
[SourceVersion "1"]
[SourceVersionDate "2021.07.31"]
[SourceQuality "1"]

1. e4 e6 2. d4 d5 3. Nd2 Be7 4. c3 c5 5. Ngf3 cxd4 6. Nxd4 Nc6 7. Nxc6 bxc6 8. exd5 cxd5 9. Bd3 Nf6 10. 0-0 0-0 11. Nf3 Ne4 12. Bxe4 dxe4 13. Ne5 Qc7 14. f4 exf3 15. Nxf3 Ba6 16. Re1 Rad8 17. Qa4 Bb7 18. Bf4 Qc5+ 19. Be3 Qh5 20. Bxa7 Bxf3 21. gxf3 Rd2 22. Bf2 Qxf3 23. Rf1 Bc5 24. Qh4 Rxb2 25. Qg3 Rxf2 26. Rxf2 Bxf2+ 27. Qxf2 Qxc3 28. Rf1 Qa3 29. Kg2 f6 30. Re1 e5 31. Re3 Qa8+ 32. Kf1 Rb8 33. Qc2 Qh1+ 34. Ke2 Rb2 35. Kd3 Rxc2 36. Kxc2 Qxh2+ 0-1

[Event "GER-ch Net blitz qual3"]
[Site "Playchess.com INT"]
[Date "2021.05.07"]
[Round "6"]
[White "Burkart, Lloyd Shang"]
[Black "Singh, Marcel"]
[Result "1-0"]
[WhiteElo "1988"]
[BlackElo "2027"]
[PlyCount "111"]
[EventDate "2021.05.07"]
[EventType "swiss (blitz)"]
[EventRounds "11"]
[EventCountry "GER"]
[SourceTitle "CBM 202 Extra"]
[Source "ChessBase"]
[SourceDate "2021.07.31"]
[SourceVersion "1"]
[SourceVersionDate "2021.07.31"]
[SourceQuality "1"]

1. d4 e5 2. dxe5 Nc6 3. Nf3 Qe7 4. g3 Nxe5 5. Bg2 Nf6 6. 0-0 d6 7. b3 g6 8. Bb2 Bg7 9. c4 0-0 10. Nc3 c6 11. Qd2 Nxf3+ 12. Bxf3 Re8 13. Rfd1 Rd8 14. Rac1 Bh3 15. Qd4 d5 16. Qh4 Bf5 17. cxd5 Nxd5 18. Qxe7 Nxe7 19. Kf1 Kf8 20. Ke1 Ke8 21. Na4 Rxd1+ 22. Rxd1 Bxb2 23. Nxb2 Rd8 24. Nc4 Rxd1+ 25. Kxd1 Kd7 26. Ne5+ Ke6 27. Nc4 Bb1 28. a3 f5 29. Nd2 Be4 30. Nxe4 fxe4 31. Bxe4 Nd5 32. Bxd5+ Kxd5 33. Kd2 c5 34. Kd3 b5 35. e4+ Ke5 36. f4+ Ke6 37. g4 a6 38. h4 h5 39. f5+ Kf6 40. g5+ Kf7 41. f6 Ke6 42. e5 Kf7 43. Ke4 Ke6 44. Kf4 Kf7 45. Ke3 Ke6 46. Ke4 b4 47. axb4 cxb4 48. Kd4 a5 49. Kc4 Kxe5 50. f7 Kf4 51. f8Q+ Kg4 52. Qf6 Kxh4 53. Qxg6 a4 54. bxa4 b3 55. Kxb3 Kh3 56. Qxh5+ 1-0

[Event "GER-ch Net blitz qual3"]
[Site "Playchess.com INT"]
[Date "2021.05.07"]
[Round "1"]
[White "Friemel, Reinhard"]
[Black "Singh, Marcel"]
[Result "1/2-1/2"]
[WhiteElo "1695"]
[BlackElo "2027"]
[PlyCount "190"]
[EventDate "2021.05.07"]
[EventType "swiss (blitz)"]
[EventRounds "11"]
[EventCountry "GER"]
[SourceTitle "CBM 202 Extra"]
[Source "ChessBase"]
[SourceDate "2021.07.31"]
[SourceVersion "1"]
[SourceVersionDate "2021.07.31"]
[SourceQuality "1"]

1. e4 Nf6 2. e5 Nd5 3. d4 d6 4. c4 Nb6 5. f4 dxe5 6. fxe5 Nc6 7. Be3 Bf5 8. a3 e6 9. Nf3 Be7 10. Nc3 0-0 11. Bd3 Bg6 12. 0-0 Nxd4 13. Bxd4 Bxd3 14. Qxd3 c5 15. Ne4 cxd4 16. b4 Rc8 17. c5 Na4 18. Qxd4 b6 19. Qxd8 Rfxd8 20. Nd6 Rb8 21. cxb6 axb6 22. Rfd1 Nc3 23. Rd2 Nd5 24. Nb5 Rbc8 25. Rad1 h6 26. g3 g6 27. Kf2 Kg7 28. Ng1 Bg5 29. Rd3 f6 30. Nf3 fxe5 31. Nxe5 Bf6 32. Ng4 Kf7 33. Nxh6+ Ke7 34. Ng4 Bg7 35. h4 Rd7 36. Ne3 Rcd8 37. Nxd5+ exd5 38. Re3+ Kf7 39. Nd4 Bxd4 40. Rxd4 Re7 41. Rxe7+ Kxe7 42. Kf3 Kd6 43. g4 Rf8+ 44. Ke3 Rf1 45. Ke2 Rh1 46. h5 gxh5 47. gxh5 Rxh5 48. Rg4 Rh2+ 49. Kd3 Rh3+ 50. Kd4 Rxa3 51. Rg6+ Kc7 52. Kxd5 Rc3 53. Kd4 Rc1 54. Rg7+ Kc6 55. Rg6+ Kb5 56. Kd3 Rc7 57. Rg4 Ka4 58. Kd2 b5 59. Rf4 Kb3 60. Kd3 Rc3+ 61. Kd2 Rc2+ 62. Kd1 Ra2 63. Kc1 Rh2 64. Rf1 Kxb4 65. Kb1 Ka4 66. Rg1 b4 67. Rf1 Ka3 68. Rg1 Rb2+ 69. Ka1 Ra2+ 70. Kb1 b3 71. Rg8 Rf2 72. Rg1 Rf3 73. Re1 b2 74. Rd1 Rc3 75. Rh1 Kb3 76. Rg1 Rd3 77. Rf1 Re3 78. Rd1 Kc3 79. Rg1 Re2 80. Rg3+ Kd2 81. Rg1 Kc3 82. Rg3+ Kb4 83. Rg1 Kc4 84. Rg4+ Kd5 85. Rg1 Ke4 86. Rh1 Rf2 87. Re1+ Kd3 88. Rd1+ Kc3 89. Rh1 Kb3 90. Rh3+ Kb4 91. Rh1 Rf3 92. Re1 Rb3 93. Re2 Kc3 94. Re3+ Kc4 95. Rxb3 Kxb3 1/2-1/2

[Event "GER-ch Net blitz qual3"]
[Site "Playchess.com INT"]
[Date "2021.05.07"]
[Round "4"]
[White "Singh, Marcel"]
[Black "Lerch, Martin Erik"]
[Result "0-1"]
[WhiteElo "2027"]
[BlackElo "1927"]
[PlyCount "124"]
[EventDate "2021.05.07"]
[EventType "swiss (blitz)"]
[EventRounds "11"]
[EventCountry "GER"]
[SourceTitle "CBM 202 Extra"]
[Source "ChessBase"]
[SourceDate "2021.07.31"]
[SourceVersion "1"]
[SourceVersionDate "2021.07.31"]
[SourceQuality "1"]

1. e4 e6 2. d4 d5 3. Nd2 Nf6 4. e5 Nfd7 5. f4 c5 6. c3 Nc6 7. Ndf3 Qb6 8. g3 Be7 9. Bh3 cxd4 10. cxd4 0-0 11. Ne2 f6 12. exf6 Nxf6 13. 0-0 Ne4 14. Qd3 Bf6 15. Ne5 Nxe5 16. fxe5 Bxe5 17. Rxf8+ Kxf8 18. Be3 Bf6 19. Nf4 Kg8 20. b3 Bd7 21. Nxd5 exd5 22. Bxd7 Rf8 23. Rf1 a6 24. Bf5 Re8 25. Kg2 Qd6 26. Rf4 Ng5 27. h4 Ne6 28. Bxh7+ Kh8 29. Rg4 Nf8 30. Bg6 Re7 31. Bf4 Qd7 32. Bf5 Qe8 33. Qf3 Re2+ 34. Kh3 Bxd4 35. Bd3 Re6 36. Rxg7 Bxg7 37. Qg4 Qf7 38. Bf5 Rf6 39. Bc2 Rxf4 40. gxf4 Nh7 41. h5 Nf6 42. Qg6 Qxg6 43. hxg6 Ne4 44. Kg4 Nf2+ 45. Kg5 Nh3+ 46. Kf5 Nf2 47. Ke6 Ne4 48. f5 d4 49. Bd3 Nc5+ 50. Kd5 Nxd3 51. Ke6 Nf4+ 52. Kf7 d3 53. f6 Bxf6 54. Kxf6 Nxg6 55. Kf7 d2 56. Kxg6 d1Q 57. Kf7 Qc2 58. Ke7 Qxa2 59. Kd7 Qxb3 60. Kc7 a5 61. Kd6 b5 62. Kc5 b4 0-1

[Event "GER Cup Net Final-B U2000"]
[Site "Playchess.com INT"]
[Date "2020.06.06"]
[Round "1"]
[White "Kosovska, Olena"]
[Black "Singh, Marcel"]
[Result "0-1"]
[WhiteElo "1812"]
[BlackElo "2030"]
[PlyCount "98"]
[EventDate "2020.06.06"]
[EventType "swiss (blitz)"]
[EventRounds "13"]
[EventCountry "GER"]
[SourceTitle "CBM 197 Extra"]
[Source "ChessBase"]
[SourceDate "2020.09.30"]
[SourceVersion "1"]
[SourceVersionDate "2020.09.30"]
[SourceQuality "1"]

1. c4 c5 2. Nc3 Nc6 3. g3 Nf6 4. Bg2 e6 5. e3 Be7 6. Nge2 0-0 7. 0-0 a6 8. d4 d5 9. cxd5 Nxd5 10. Nxd5 exd5 11. dxc5 Bxc5 12. Bxd5 Bg4 13. f3 Bh3 14. Re1 Qb6 15. Nf4 Bf5 16. Kg2 Rad8 17. e4 Bg6 18. Qb3 Qxb3 19. Bxb3 Nd4 20. Bd1 b5 21. Be3 Bb4 22. Rf1 Rfe8 23. a3 Ba5 24. Nd5 Rxd5 25. exd5 Rxe3 26. Rc1 h6 27. d6 Bf5 28. b4 Bb6 29. g4 Be6 30. Kg3 Rxa3 31. Re1 Kf8 32. Re5 Ke8 33. h4 Kd7 34. g5 Nf5+ 35. Kh3 Nxd6+ 36. Kg3 Bc7 37. Re2 Nc4+ 38. Kg2 hxg5 39. hxg5 Bf4 40. Rcc2 Bxg5 41. Re4 Ne3+ 42. Rxe3 Bxe3 43. Re2 Bf4 44. Bc2 Ra2 45. Be4 Rxe2+ 46. Kf1 Rxe4 47. fxe4 Bd6 48. Ke2 Bxb4 49. Kd3 Bd6 0-1

[Event "GER Cup Net V3 U2000"]
[Site "Playchess.com INT"]
[Date "2020.05.27"]
[Round "5"]
[White "Meschke, Andreas"]
[Black "Singh, Marcel"]
[Result "0-1"]
[WhiteElo "1869"]
[BlackElo "1985"]
[PlyCount "102"]
[EventDate "2020.05.27"]
[EventType "swiss (blitz)"]
[EventRounds "9"]
[EventCountry "GER"]
[SourceTitle "EXT 2021"]
[Source "ChessBase"]
[SourceDate "2020.10.23"]
[SourceVersion "1"]
[SourceVersionDate "2020.10.23"]
[SourceQuality "1"]

1. e4 Nf6 2. e5 Nd5 3. d4 d6 4. c4 Nb6 5. exd6 cxd6 6. d5 g6 7. Qd4 Rg8 8. Nc3 Bg7 9. Qh4 h5 10. Nf3 N8d7 11. Bd3 Ne5 12. Nxe5 Bxe5 13. 0-0 e6 14. Qxd8+ Kxd8 15. Be3 Bxc3 16. Bxb6+ axb6 17. bxc3 Ra3 18. Rfc1 e5 19. Rc2 f5 20. Rb1 Kc7 21. Rb3 Rxb3 22. axb3 e4 23. Be2 f4 24. Ra2 Bg4 25. Kf1 Bf5 26. Ra4 h4 27. h3 g5 28. Bg4 Bxg4 29. hxg4 Rh8 30. c5 dxc5 31. Rxe4 b5 32. Re5 Rg8 33. Re7+ Kd6 34. Rxb7 Kxd5 35. Rxb5 Ra8 36. b4 Ke4 37. Rxc5 f3 38. gxf3+ Kxf3 39. Rf5+ Kxg4 40. Rf6 h3 41. Kg1 Ra3 42. Rc6 Ra1+ 43. Kh2 Ra2 44. Kg1 Kf3 45. Rf6+ Kg4 46. Rc6 Kh4 47. Rc4+ g4 48. Rc6 Ra1+ 49. Kh2 Ra2 50. Rf6 g3+ 51. Kg1 Ra1# 0-1

[Event "GER Cup Net V3 U2000"]
[Site "Playchess.com INT"]
[Date "2020.05.27"]
[Round "4"]
[White "Singh, Marcel"]
[Black "Koch, Yannick"]
[Result "1-0"]
[WhiteElo "1985"]
[BlackElo "1831"]
[PlyCount "135"]
[EventDate "2020.05.27"]
[EventType "swiss (blitz)"]
[EventRounds "9"]
[EventCountry "GER"]
[SourceTitle "EXT 2021"]
[Source "ChessBase"]
[SourceDate "2020.10.23"]
[SourceVersion "1"]
[SourceVersionDate "2020.10.23"]
[SourceQuality "1"]

1. e4 c5 2. c3 d5 3. exd5 Qxd5 4. d4 e6 5. Na3 Nf6 6. Nf3 Nc6 7. Nb5 Qd8 8. dxc5 Bxc5 9. Qxd8+ Kxd8 10. Bf4 Nd5 11. 0-0-0 Ke7 12. Bg3 a6 13. Nbd4 Nxd4 14. Nxd4 Rd8 15. Be2 f6 16. Bf3 Nb6 17. Rhe1 e5 18. Bxe5 fxe5 19. Rxe5+ Kf6 20. Rxc5 Bd7 21. Bxb7 Rab8 22. Nc6 Bxc6 23. Bxc6 Rdc8 24. b4 Rc7 25. Rd6+ Ke7 26. Rd4 Rbc8 27. Re4+ Kd6 28. Rd4+ Ke7 29. Kb1 Rxc6 30. Rxc6 Rxc6 31. Kb2 Nc4+ 32. Kb3 Nd6 33. c4 Nf5 34. Re4+ Kf6 35. a4 Rd6 36. Kc3 Re6 37. Rxe6+ Kxe6 38. b5 axb5 39. cxb5 Kd6 40. Kb4 Kc7 41. a5 Nd4 42. Kc5 Nb3+ 43. Kb4 Nd4 44. b6+ Kb7 45. Kc5 Nb3+ 46. Kb5 Nd4+ 47. Kc5 Nb3+ 48. Kd6 Nxa5 49. Ke7 Kxb6 50. Kf7 g5 51. Kg7 h5 52. Kg6 g4 53. Kxh5 Kc5 54. Kxg4 Kd6 55. h4 Ke6 56. Kg5 Kf7 57. g4 Nc4 58. f4 Ne3 59. h5 Kg7 60. f5 Nd5 61. h6+ Kh7 62. f6 Kg8 63. Kf5 Ne3+ 64. Kf4 Nd5+ 65. Ke5 Ne3 66. g5 Ng4+ 67. Ke6 Kf8 68. h7 1-0

[Event "GER Cup Net V1 U2000"]
[Site "Playchess.com INT"]
[Date "2020.05.19"]
[Round "5"]
[White "Schewe, Bernhard"]
[Black "Singh, Marcel"]
[Result "0-1"]
[WhiteElo "1851"]
[BlackElo "1989"]
[PlyCount "84"]
[EventDate "2020.05.19"]
[EventType "swiss (blitz)"]
[EventRounds "9"]
[EventCountry "GER"]
[SourceTitle "EXT 2021"]
[Source "ChessBase"]
[SourceDate "2020.10.23"]
[SourceVersion "1"]
[SourceVersionDate "2020.10.23"]
[SourceQuality "1"]

1. b4 e5 2. b5 f5 3. Bb2 d6 4. e3 Nf6 5. c4 Be7 6. Nf3 0-0 7. Be2 h6 8. 0-0 Be6 9. d3 b6 10. a4 a5 11. Nbd2 Nbd7 12. Nb3 f4 13. exf4 exf4 14. d4 d5 15. Rc1 Ne4 16. Ne5 Nxe5 17. dxe5 dxc4 18. Bxc4 Bxc4 19. Rxc4 Qxd1 20. Rxd1 Nc5 21. Nd4 Rad8 22. Kf1 Rd5 23. Ke2 Rxe5+ 24. Kf3 Rd5 25. Re1 Bf6 26. Ba1 Nd3 27. Re4 Ne5+ 28. Rxe5 Bxe5 29. Ne6 Bxa1 30. Nxf8 Kxf8 31. Rxc7 Be5 32. Ke4 Bxc7 33. Kxd5 f3 34. gxf3 Ke7 35. Kc6 Kd8 36. h3 h5 37. f4 g6 38. f3 Kc8 39. f5 gxf5 40. f4 h4 41. Kd5 Bxf4 42. Kc6 Be3 0-1

[Event "GER-ch Net Amateur Gr-B Final"]
[Site "Playchess.com INT"]
[Date "2020.04.18"]
[Round "3"]
[White "Friedrich, Karl"]
[Black "Singh, Marcel"]
[Result "0-1"]
[WhiteElo "1770"]
[BlackElo "2004"]
[PlyCount "86"]
[EventDate "2020.04.18"]
[EventType "swiss (blitz)"]
[EventRounds "13"]
[EventCountry "GER"]
[SourceTitle "CBM 195 Extra"]
[Source "ChessBase"]
[SourceDate "2020.05.31"]
[SourceVersion "1"]
[SourceVersionDate "2020.05.31"]
[SourceQuality "1"]

1. Nf3 Nf6 2. d4 d5 3. c4 dxc4 4. e4 e6 5. Nc3 a6 6. Bxc4 b5 7. e5 bxc4 8. exf6 gxf6 9. Qa4+ Nd7 10. Qxc4 Bb7 11. d5 Nb6 12. Qe2 Nxd5 13. Nxd5 Qxd5 14. Be3 Bb4+ 15. Kf1 Bc6 16. Rd1 Bb5 17. Rxd5 Bxe2+ 18. Kxe2 exd5 19. Rd1 c6 20. Nd4 Kd7 21. Nf5 Rhe8 22. Kf1 Rab8 23. a3 Bd6 24. b4 a5 25. bxa5 Bxa3 26. a6 Re5 27. Ng3 c5 28. Ra1 Bb4 29. Bf4 Ra8 30. Bxe5 fxe5 31. Ke2 Kc6 32. Nf5 c4 33. Ne3 Kc5 34. a7 d4 35. Nc2 d3+ 36. Kd1 dxc2+ 37. Kxc2 Kb5 38. Rb1 Rxa7 39. g3 Ra2+ 40. Kd1 Rxf2 41. h4 Rf1+ 42. Kc2 Rxb1 43. Kxb1 Be1 0-1

[Event "GER-ch Net Amateur Gr-B Final"]
[Site "Playchess.com INT"]
[Date "2020.04.18"]
[Round "4"]
[White "Singh, Marcel"]
[Black "Lippmann, Kai"]
[Result "1-0"]
[WhiteElo "2004"]
[BlackElo "1742"]
[PlyCount "57"]
[EventDate "2020.04.18"]
[EventType "swiss (blitz)"]
[EventRounds "13"]
[EventCountry "GER"]
[SourceTitle "CBM 195 Extra"]
[Source "ChessBase"]
[SourceDate "2020.05.31"]
[SourceVersion "1"]
[SourceVersionDate "2020.05.31"]
[SourceQuality "1"]

1. e4 c6 2. d4 d5 3. exd5 cxd5 4. c4 e6 5. Nc3 Nf6 6. Bg5 dxc4 7. Bxc4 a6 8. Nf3 Bb4 9. 0-0 0-0 10. a3 Bxc3 11. bxc3 Nbd7 12. Bd3 Qc7 13. Rc1 b6 14. Re1 Bb7 15. Bb1 h6 16. Bh4 Rfe8 17. Qd3 Rac8 18. Ne5 g5 19. Bg3 Qd8 20. Nxf7 Kxf7 21. Qg6+ Kf8 22. Bd6+ Re7 23. Rxe6 Bd5 24. Bxe7+ Qxe7 25. Rxe7 Kxe7 26. Qxh6 g4 27. Qg7+ Kd6 28. Bf5 Rg8 29. Qh6 1-0

[Event "GER-ch Net Amateur Gr-B Vor3"]
[Site "Playchess.com INT"]
[Date "2020.04.16"]
[Round "8"]
[White "Buessing, Olaf"]
[Black "Singh, Marcel"]
[Result "1-0"]
[WhiteElo "1805"]
[BlackElo "1991"]
[PlyCount "89"]
[EventDate "2020.04.16"]
[EventType "swiss (blitz)"]
[EventRounds "9"]
[EventCountry "GER"]
[SourceTitle "CBM 195 Extra"]
[Source "ChessBase"]
[SourceDate "2020.05.31"]
[SourceVersion "1"]
[SourceVersionDate "2020.05.31"]
[SourceQuality "1"]

1. e4 Nf6 2. e5 Nd5 3. d4 d6 4. Nf3 dxe5 5. Nxe5 Nd7 6. Nf3 e6 7. c4 N5f6 8. Bd3 c5 9. 0-0 Be7 10. Be3 0-0 11. Nc3 a6 12. Qc2 h6 13. Rfe1 b6 14. Rad1 Qc7 15. Ne4 Bb7 16. dxc5 Bxe4 17. Bxe4 Nxe4 18. cxb6 Nxb6 19. Qxe4 Rac8 20. b3 a5 21. Qg4 Kh8 22. Bd4 Bf6 23. Bxf6 gxf6 24. Qh5 Kh7 25. Qxa5 Ra8 26. Qc3 Rxa2 27. Qxf6 Qc5 28. Rf1 Qh5 29. Rd6 Nc8 30. Rd7 Nb6 31. Rb7 Nc8 32. Qxe6 Ra7 33. Rxa7 Nxa7 34. Qd6 Rg8 35. Qd3+ f5 36. Re1 Rg7 37. Re8 Nc6 38. Rc8 Ne7 39. Ra8 Ng6 40. Qd8 Nf4 41. g3 Qxf3 42. Qh8+ Kg6 43. Ra6+ Kh5 44. Qxh6+ Kg4 45. Qh4# 1-0